Reprezentacje świata - UEFA - Statystyki

Ogólne statystyki
  • Ten quiz został rozwiązany 20 razy
  • Średni wynik to 48 z 55
Statystyki odpowiedzi
Obrazkowy Odpowiedź % Poprawnych
Armenia
100%
Albania
95%
Anglia
95%
Austria
95%
Azerbejdżan
95%
Belgia
95%
Białoruś
95%
Bośnia i Hercegowina
95%
Chorwacja
95%
Cypr
95%
Czarnogóra
95%
Dania
95%
Finlandia
95%
Francja
95%
Grecja
95%
Gruzja
95%
Irlandia
95%
Irlandia Północna
95%
Izrael
95%
Kazachstan
95%
Kosowo
95%
Mołdawia
95%
Niemcy
95%
Norwegia
95%
Polska
95%
Portugalia
95%
Rosja
95%
Rumunia
95%
San Marino
95%
Słowacja
95%
Słowenia
95%
Szkocja
95%
Szwecja
95%
Turcja
95%
Walia
95%
Węgry
95%
Włochy
95%
Gibraltar
89%
Holandia
89%
Serbia
89%
Ukraina
89%
Hiszpania
84%
Czechy
74%
Macedonia Północna
74%
Malta
74%
Estonia
68%
Łotwa
63%
Szwajcaria
63%
Andora
58%
Liechtenstein
58%
Litwa
58%
Bułgaria
53%
Islandia
53%
Luksemburg
53%
Wyspy Owcze
53%
Nie znaleziono quizów pasujących do podanych kryteriów
Rozkład punktacji
Procent ludzi z każdym wynikiem
Percentyl według liczby udzielonych odpowiedzi
Twoja historia wyników
Nie rozwiązałeś tego quizu